Clash royale 4 elixir cards - Statistics

General Stats
  • This quiz has been taken 18 times
  • The average score is 21 of 48
Answer Stats
Hint Answer % Correct
Spell Freeze
88%
Champion Golden knight
88%
Troop Mini PEKKA
88%
Building Tesla
88%
Troop Valkyrie
88%
Building Bomb tower
75%
Spell Fireball
75%
Troop Hog rider
75%
Troop Musketeer
75%
Troop Baby dragon
63%
Troop Electro wizard
63%
Building Goblin cage
63%
Building Goblin hut
63%
Building Mortar
63%
Troop Battle ram
50%
Troop Dark prince
50%
Troop Hunter
50%
Troop Inferno dragon
50%
Troop Mother witch
50%
Troop Night witch
50%
Evo Evo musketeer
38%
Evo Evo Tesla
38%
Evo Evo valkyrie
38%
Troop Flying machine
38%
Troop Furnace
38%
Troop Lumberjack
38%
Troop Phoenix
38%
Spell Poison
38%
Champion Skeleton king
38%
Troop Zappies
38%
Troop Battle healer
25%
Evo Evo baby dragon
25%
Evo Evo Furnace
25%
Evo Evo goblin cage
25%
Evo Evo hunter
25%
Evo Evo mortar
25%
Troop Goblin demolisher
25%
Building Goblin drill
25%
Hero Hero mini PEKKA
25%
Hero Hero musketeer
25%
Troop Magic archer
25%
Champion Mighty miner
25%
Troop Rune giant
25%
Troop Skeleton dragons
25%
Evo Evo battle ram
13%
Evo Evo inferno dragon
13%
Evo Evo lumberjack
13%
Evo Evo goblin drill
0%
No matching quizzes found
Score Distribution
Percent of People with Each Score
Percentile by Number Answered
Your Score History
You have not taken this quiz